Statistics for Word Chain (The Hunger Games)

Click here to take the quiz!

General Stats

  • This quiz has been taken 141 times
  • The average score is 7 of 13

Answer Stats

HintAnswer% Correct
The girl on fireKatniss
100%
Fresh from the Capitol with her scary white grin, pinkish hair and spring green suit.Effie
81%
"Here's some advice. Stay alive."Haymitch
81%
Wife of Finnick OdairAnnie
79%
Altered her teeth into sharp points, like fangs, and had them inlaid with gold.Enobaria
60%
Actress with the role of EffieElizabeth
54%
Head gamemaker of the 74th Hunger GamesSeneca
52%
Katniss killed her in MockingjayAlma
45%
Old woman who sells bowls of hot soup at The HobSae
44%
District 11 female tribute in the 75th Hunger GamesSeeder
40%
Head peacekeeper of District 12 on Catching FireRomulus
33%
Head trainer on the 74th Hunger GamesAtala
29%
Killed by the lizards on MockingjayHomes
17%

Score Distribution

Percentile by Number Answered

Percent of People with Each Score

Your Score History

You have not taken this quiz